000 00398nam a2200157Ia 4500
003 Ost
005 20260225132546.0
008 260225s9999||||xx |||||||||||||| ||und||
040 _cfsic
041 _afre
082 _a440
100 _aUniversité de droit et d'économie
_eAuteur
245 0 _aInstitut Français de presse /
245 0 _cUniversité de droit et d'économie
942 _cكتاب
999 _c33858
_d33858